LEADER 01087nam0 22002771i 450 001 UON00476288 005 20231205105229.486 010 $a34-06-04027-6 100 $a20170509d1980 |0itac50 ba 101 $ager 102 $aDE 105 $a|||| ||||| 200 1 $aGeschichte der Goten$eVon den Anfangen bis zur Mitte des sechsten Jahrhunderts$eEntwurf einer historischen Ethnographie$fHerwig Wolfram 205 $a2. durchgesehene Auflage 210 $a Munchen$cC.H. Beck$d1979 215 $aX, 495 p., 2 c. ripieg.$cill.$d24 cm. 316 $avalore stimato$5IT-UONSI Fil.GI/061 620 $aDE$dMünchen$3UONL003025 700 1$aWOLFRAM$bHerwig$3UONV110915$0154055 712 $aBeck$3UONV246795$4650 801 $aIT$bSOL$c20241115$gRICA 899 $aSIBA - SISTEMA BIBLIOTECARIO DI ATENEO$2UONSI 912 $aUON00476288 950 $aSIBA - SISTEMA BIBLIOTECARIO DI ATENEO$dSI Fil.G I 061 $eSI LO 22758 5 061 valore stimato 996 $aGeschichte der Goten$913830 997 $aUNIOR LEADER 02309nam 22005653 450 001 9911020169903321 005 20251229110830.0 010 $a9781394283583 010 $a139428358X 010 $a9781394283569 010 $a1394283563 010 $a9781394283576 010 $a1394283571 035 $a(CKB)36713064400041 035 $a(MiAaPQ)EBC31808326 035 $a(Au-PeEL)EBL31808326 035 $a(Perlego)4659744 035 $a(OCoLC)1477220243 035 $a(EXLCZ)9936713064400041 100 $a20241204d2025 uy 0 101 0 $aeng 135 $aur||||||||||| 181 $ctxt$2rdacontent 182 $cc$2rdamedia 183 $acr$2rdacarrier 200 10$aNuclear reactor physics and engineering /$fJohn C. Lee 205 $aSecond edition 210 1$aHoboken, New Jersey :$cJohn Wiley & Sons, Inc.,$d[2025] 210 4$d©2025. 215 $a1 online resource (733 pages) 311 08$a9781394283552 311 08$a1394283555 330 $a"Nuclear Reactor Physics and Engineering offers information on analysis, design, control, and operation of nuclear reactors. The author explores the fundamentals and presents the mathematical formulations that are grounded in differential equations and linear algebra. This book is updated to reflect the key findings of the 2023 National Academy of Sciences report. Revised materials include physical and engineering characteristics of advanced nuclear reactors and effective long-term management of used nuclear fuel in the above-ground and geological repositories. Introduced is the impact of high-assay low enrichment uranium fuel in the advancement of nuclear reactors in global efforts to curb carbon emissions"--$cProvided by publisher. 606 $aNuclear engineering$vTextbooks 606 $aNuclear reactors$vTextbooks 606 $aEnginyeria nuclear$2lemac 606 $aReactors nuclears$2lemac 615 0$aNuclear engineering 615 0$aNuclear reactors 615 7$aEnginyeria nuclear. 615 7$aReactors nuclears. 676 $a621.48/3 700 $aLee$b John C.$061929 801 0$bMiAaPQ 801 1$bMiAaPQ 801 2$bMiAaPQ 906 $aBOOK 912 $a9911020169903321 996 $aNuclear Reactor Physics and Engineering$94418587 997 $aUNINA